| 000 | 01935nam a2200253 i 4500 | ||
|---|---|---|---|
| 001 | 18324 | ||
| 003 | DO-SdUEMH | ||
| 005 | 20260112193315.0 | ||
| 007 | ta | ||
| 008 | 260112b1993 dr |||gr|||| 00| 0 spa d | ||
| 020 | _a9506951500 | ||
| 040 |
_aDO-SdUEMH _bspa _erda |
||
| 041 |
_aspa _heng |
||
| 082 | 1 | 4 |
_mCG _bH824f |
| 100 | _eaut | ||
| 245 | 4 | 0 |
_aLos fundamentos morales de la república norteamericana / _cRobert H. Horwitz |
| 264 | 0 | 1 |
_aBuenos Aires, Argentina : _bREI, _c1993 |
| 300 |
_a375 paginas ; _c23 cm. |
||
| 336 |
_2rdacontent _atexto _btxt |
||
| 337 |
_2rdamedia _asin mediación _bn |
||
| 338 |
_2rdacarrier _avolumen _bnc |
||
| 505 | 1 | _aPrefacio a la tercera edición -- Los fundamentos morales de la República Norteamericana / Will Morrisey -- Acerca de hombres y ángeles: una búsqueda de moralidad en la constitución / Robert A. Goldwin -- La república comprometida: falta de propósitos públicos en los Estados Unidos de América / Benjamin R. Barber -- Los padres fundadores: una era de realismo / Richard Hofstadter -- Ética y política: el modo norteamericano / Martin Diamond -- La democratización de la mentalidad en la Revolución de los Estados Unidos / Gordon S. Wood -- John Locke y la preservación de la libertad: un perenne problema de educación cívica / Robert H. Horwitz -- Los Estados Unidos como régimen y las fuentes del modo de vida norteamericano / Joseph Cropsey -- Locke y el problema de la religión civil / Michael P. Zuckert -- La religión y el principio fundamental / Walter Berns -- Acerca de la remoción de ciertos impedimentos a la democracia en los Estados Unidos / Robert A. Dahl -- En defensa del constitucionalismo republicano: una réplica de Dahl / James C. Ceaser -- De la igualdad como fundamento moral de la comunidad / Wilson Carey McWilliams -- La esclavitud y los fundamentos morales de la República Norteamericana / Herbert J. Storing. | |
| 942 |
_2ddc _n0 _cBK |
||
| 999 |
_c18324 _d18324 |
||